Statistics for Top 20 tallest buildings

Click here to take the quiz!

General Stats

  • This quiz has been taken 52 times
  • The average score is 15 of 21

Answer Stats

HintAnswerHeight in Meters% Correct
Burj KhalifaDubai828
96%
One World Trade CenterNew York541.3
96%
Jin Mao TowerShanghai420.5
96%
World Financial CentreShanghai492
93%
Princess TowerDubai413.4
87%
23 MarinaDubai392.4
87%
Shanghai TowerShanghai632
84%
Taipei 101Taipei508
84%
Trump International Hotel and TowerChicago423.2
78%
Two International Financial CenterHong Kong412
76%
Makkah Royal Clock Tower HotelMecca601
73%
International Commerce CentreHong Kong484
71%
Willis TowerChicago442.1
69%
Petronas TowersKuala Lumpur451.9
64%
International Financial CentreGuangzhou438.6
53%
CITIC PlazaGuangzhou390.2
47%
Burj Mohammed Bin Rashid TowerAbu Dhabi381.2
44%
Zifeng TowerNanjing450
44%
Al Hamra TowerKuwait City412.6
42%
Shun Hung SquareShenzhen384
42%
KK100Shenzhen441.8
38%

Score Distribution

Percentile by Number Answered

Percent of People with Each Score

Your Score History

You have not taken this quiz